000 004220000a22001690004500
003 MACL
005 20151218123800.0
008 151218b xxu||||| |||| 00| 0 eng d
040 _aMACL
_cMACL
041 _aEnglish
082 _a030/RAY
100 _aRay, Charles
_921077
245 _aThe World of Wonder
_bVol 2
260 _bThe Educational Book Co Ltd
650 _aEncyclopaedia
_921078
942 _cBK
_k030/RAY
_2ddc
999 _c40487
_d40487